000 00575nam a2200181Ia 4500
003 GCL
008 140319s9999 xx 000 0 ara d
040 _aGCL /
_cGCL
082 0 4 _a375.001
_bم ا
100 1 _aمحمد هاشم زقالى
245 1 0 _aاسس المناهج التربوية اشكالية المفهوم وتنوع التنظيم /
_cمحمد هاشم زقالى
700 1 _aمحمد هاشم فالوقى
300 _a270 ص
490 _a100 قصة
_v0
650 0 4 _aالتربية
650 0 4 _aالتربية والتعليم
942 _2ddc
_cBK
999 _c43651
_d43651